000 03338nam a22002657a 4500
001 216217412
003 UA-OsUOA
005 20201118193433.0
008 200513b un ||||| m||| 00| 0 ukr d
040 _aUA-OsUOA
_bukr
_cUA-OsUOA
_dUA-OsUOA
041 _aukr
080 _a343.23.1:336.227.2
090 _a343.23.1:336.227.2
095 _a12.00.09
_bкримінальний процес та криміналістика; судова експертиза; оперативно-розшукова діяльність
100 _aГалян С. В.
245 _aДізнання по злочинах у сфері оподаткування: процесуальні та організаційні аспекти
_cГалян Сергій Володимирович ; наук. керівник Цимбал Петро Васильович
260 _aІрпінь
_c2012
300 _a16 с.
502 _6Автореферат дисертації на здобуття наукового ступеня кандидата юридичних наук
_cНаціональний університет державної податкової служби України
_d2012
520 _aУ дисертації досліджено і проаналізовано з періоду Київської Русі до нашого часу виникнення та розвиток фіскальних органів, що займалися збором податків, виявляли осіб, які ухилялися від їх сплати та реагували на такі порушення. Проведено аналіз діяльності податкової міліції, як органу дізнання. Показано її роль у виявленні злочинів у сфері оподаткування та наповненні державного бюджету. Досліджено органи дізнання з часів Російської імперії до нашого часу, їх функції, повноваження та роль у боротьбі з податковою злочинністю. Проведено дослідження податкових злочинів, способів їх вчинення. Дано авторське визначення "податкового злочину" та "способу його вчинення". Розглянуто особливості проведення першочергових слідчих дій при провадженні дізнання по злочинах вчинених у сфері оподаткування. Показана роль і значення існуючих інформаційних технологій, інформаційно-аналітичних, довідкових автоматизованих систем у виявленні, розслідуванні та попередженні злочинів у сфері оподаткування.
650 _2UDC
_a343 Кримінальне право. Карні порушення
942 _2udc
_cAR
955 _a1
999 _c459222
_d459222